Security, development, and the fragile state : (Record no. 14647)

000 -LEADER
fixed length control field 01857cam a2200397 a 4500
001 - CONTROL NUMBER
control field 15594015
003 - CONTROL NUMBER IDENTIFIER
control field OSt
005 - DATE AND TIME OF LATEST TRANSACTION
control field 20170105102901.0
008 - FIXED-LENGTH DATA ELEMENTS--GENERAL INFORMATION
fixed length control field 090122s2010 enka b 001 0 eng
010 ## - LIBRARY OF CONGRESS CONTROL NUMBER
LC control number 2009002837
020 ## - INTERNATIONAL STANDARD BOOK NUMBER
International Standard Book Number 9780415480833 (hbk. : alk. paper)
020 ## - INTERNATIONAL STANDARD BOOK NUMBER
International Standard Book Number 0415480833 (hbk. : alk. paper)
020 ## - INTERNATIONAL STANDARD BOOK NUMBER
International Standard Book Number 9780203873977 (ebook)
020 ## - INTERNATIONAL STANDARD BOOK NUMBER
International Standard Book Number 0203873971 (ebook)
035 ## - SYSTEM CONTROL NUMBER
System control number (OCoLC)ocn300031075
040 ## - CATALOGING SOURCE
Original cataloging agency DLC
Transcribing agency DLC
Modifying agency BWKUK
-- BWK
-- BWX
-- CDX
-- YDXCP
-- DLC
043 ## - GEOGRAPHIC AREA CODE
Geographic area code d------
050 00 - LIBRARY OF CONGRESS CALL NUMBER
Classification number JZ6300
Item number .C37 2010
082 00 - DEWEY DECIMAL CLASSIFICATION NUMBER
Classification number 355.033
Edition number 22
Author Mark CAR 2010
100 1# - MAIN ENTRY--PERSONAL NAME
Personal name Carment, David,
Dates associated with a name 1959-
245 10 - TITLE STATEMENT
Title Security, development, and the fragile state :
Remainder of title bridging the gap between theory and policy /
Statement of responsibility, etc. David Carment, Stewart Prest, and Yiagadeesen Samy.
260 ## - PUBLICATION, DISTRIBUTION, ETC.
Place of publication, distribution, etc. London ;
-- New York :
Name of publisher, distributor, etc. Routledge,
Date of publication, distribution, etc. 2010.
300 ## - PHYSICAL DESCRIPTION
Extent xiv, 282 p. :
Other physical details ill. ;
Dimensions 24 cm.
440 #0 - SERIES STATEMENT/ADDED ENTRY--TITLE
Title Routledge studies in intervention and statebuilding
504 ## - BIBLIOGRAPHY, ETC. NOTE
Bibliography, etc. note Includes bibliographical references and index.
505 0# - FORMATTED CONTENTS NOTE
Formatted contents note Policy analysis : contending and complementary approaches -- A fragile states framework -- The determinants and consequences of state fragility : an empirical assessment -- Assessing policy inputs : aid allocation and effectiveness in fragile states environments -- Profiles of fragility for effective risk analysis and monitoring -- Fragility relevance and impact assessment.
650 #0 - SUBJECT ADDED ENTRY--TOPICAL TERM
Topical term or geographic name entry element Nation-building.
650 #0 - SUBJECT ADDED ENTRY--TOPICAL TERM
Topical term or geographic name entry element Political stability
Geographic subdivision Developing countries.
650 #0 - SUBJECT ADDED ENTRY--TOPICAL TERM
Topical term or geographic name entry element Security, International.
651 #0 - SUBJECT ADDED ENTRY--GEOGRAPHIC NAME
Geographic name Developing countries
General subdivision Politics and government.
700 1# - ADDED ENTRY--PERSONAL NAME
Personal name Prest, Stewart.
700 1# - ADDED ENTRY--PERSONAL NAME
Personal name Samy, Yiagadeesen.
906 ## - LOCAL DATA ELEMENT F, LDF (RLIN)
a 7
b cbc
c orignew
d 1
e ecip
f 20
g y-gencatlg
942 ## - ADDED ENTRY ELEMENTS (KOHA)
Source of classification or shelving scheme
Koha item type Book
Holdings
Withdrawn status Lost status Damaged status Not for loan Collection code Permanent Location Current Location Shelving location Date acquired Total Checkouts Full call number Barcode Date last seen Price effective from Koha item type
          Centre for International Peace & Stability (CIPS) Centre for International Peace & Stability (CIPS) General Stacks 09/16/2013   355.033 CAR 2010 CIPS0001081 10/10/2013 10/10/2013 Book
© 2023 Central Library, National University of Sciences and Technology. All Rights Reserved.